|
|
|
|
| LEADER |
01531 a2200193 4500 |
| 082 |
|
|
|2 3rd ed
|a 530.1 PIP/A
|
| 100 |
|
|
|q Pipes Louis A
|
| 245 |
|
|
|a Applied mathematics for engineers and physicists/
|c by Louis A Pipes and Lawrence R Harvill
|
| 260 |
|
|
|a N Y
|b M H
|c 1970
|
| 942 |
|
|
|c BK
|
| 999 |
|
|
|c 167680
|d 167680
|
| 952 |
|
|
|0 0
|1 0
|2 ddc
|4 0
|6 530_100000000000000_PIP_A
|7 0
|9 185387
|a PHY
|b PHY
|c ST1
|d 2010-07-09
|i 127
|l 1
|o 530.1 PIP/A
|p PHY127
|r 2012-12-01
|s 2012-11-27
|w 2010-07-09
|y BK
|
| 952 |
|
|
|0 0
|1 0
|2 ddc
|4 0
|6 530_100000000000000_PIP_A
|7 0
|9 185388
|a PHY
|b PHY
|c ST1
|d 2010-07-09
|i 1667
|l 3
|m 0
|o 530.1 PIP/A
|p PHY1667
|r 2015-06-10
|s 2015-06-10
|w 2010-07-09
|y BK
|
| 952 |
|
|
|0 0
|1 0
|2 ddc
|4 0
|6 530_100000000000000_PIP_A
|7 0
|9 185389
|a PHY
|b PHY
|c ST1
|d 2010-07-09
|i 1668
|l 0
|o 530.1 PIP/A
|p PHY1668
|r 2010-07-09
|w 2010-07-09
|y BK
|
| 952 |
|
|
|0 0
|1 0
|2 ddc
|4 0
|6 530_100000000000000_PIP_A
|7 0
|9 185390
|a PHY
|b PHY
|c ST1
|d 2010-07-09
|i 892
|l 1
|o 530.1 PIP/A
|p PHY892
|r 2017-11-30
|s 2017-09-27
|w 2010-07-09
|y BK
|
| 952 |
|
|
|0 0
|1 0
|2 ddc
|4 0
|6 530_100000000000000_PIP_A
|7 0
|9 185391
|a PHY
|b PHY
|c ST1
|d 2010-07-09
|i 910
|l 0
|o 530.1 PIP/A
|p PHY910
|r 2010-07-09
|w 2010-07-09
|y BK
|
| 952 |
|
|
|0 0
|1 0
|2 ddc
|4 0
|6 530_100000000000000_PIP_A
|7 0
|9 185392
|a PHY
|b PHY
|c ST1
|d 2010-07-09
|i 911
|l 0
|o 530.1 PIP/A
|p PHY911
|r 2010-07-09
|w 2010-07-09
|y BK
|
| 952 |
|
|
|0 0
|1 0
|2 ddc
|4 0
|6 530_100000000000000_PIP_A
|7 0
|9 185393
|a PHY
|b PHY
|c ST1
|d 2010-07-09
|i 912
|l 0
|o 530.1 PIP/A
|p PHY912
|r 2010-07-09
|w 2010-07-09
|y BK
|
| 952 |
|
|
|0 0
|1 0
|2 ddc
|4 0
|6 530_100000000000000_PIP_A
|7 0
|9 185394
|a PHY
|b PHY
|c ST1
|d 2010-07-09
|i 913
|l 0
|o 530.1 PIP/A
|p PHY913
|r 2010-07-09
|w 2010-07-09
|y BK
|